01111nam a2200253 a 450000100100000000500170001000800410002702000180006804000250008608200150011110000260012624500680015226000330022030000280025350000700028159000260035165000280037765000380040591000370044395201280048095201130060895201190072199900170084000004355320260202091016.0131112s2014 dr a 000 0 spa d a9789945009835 aDO-SdBNPbspacBNPHU a302bS715m1 aSosa, Diego A.96907110aMigomismo II :bsu inteligencia interpersonal /cDiego A. Sosa. aSanto Domingo :bDAS,c2014. a204 p. :bil. ;c23 cm. aIncluye datos biografícos del autor en la solapa de la cubierta aInventariado, 2018/VM 0aRelaciones humanas9606 0aRelaciones interpersonales922282 aValidado. Control de calidad MFF 001054708DSaGRbGRcHDd2014-03-25iLF1l0o302 S715mp43553-30r2020-06-25te. 3w2020-06-25yLFDSZPréstamo en sala 0010718PDaPDbPDcHDd2014-03-25iLF1l0o302 S715mp43553-10r2020-06-25w2020-06-25yLFPDZNo se presta 0010718PDaPDbPDcHDd2014-03-25iLF1l0o302 S715mp43553-20r2020-06-25te. 2w2020-06-25yLFPDZNo se presta c43042d43042